000 00336nam a2200133Ia 4500
005 20260328101445.0
008 260328s9999||||xx |||||||||||||| ||und||
100 _aDardi, Domitilla
245 0 _aDesign 100 in one hundred objects /
_cDomitilla Dardi
260 _bMotta
300 _a235 p.
650 _aDISEÑO INDUSTRIAL
942 _cBK
999 _c8418
_d8418